The naughty sheep / (Record no. 4971)

MARC details
000 -LEADER
fixed length control field 00986nam a22003017a 4500
001 - CONTROL NUMBER
control field 4971
003 - CONTROL NUMBER IDENTIFIER
control field FISKH
005 - DATE AND TIME OF LATEST TRANSACTION
control field 20241030074505.0
008 - FIXED-LENGTH DATA ELEMENTS--GENERAL INFORMATION
fixed length control field 241030b cb ||||| |||| 00| 0 eng d
020 ## - INTERNATIONAL STANDARD BOOK NUMBER
International Standard Book Number 9780746060483
040 ## - CATALOGING SOURCE
Original cataloging agency FISKH
Language of cataloging eng
Transcribing agency FISKH
Modifying agency FISKH
050 ## - LIBRARY OF CONGRESS CALL NUMBER
Classification number PZ8.A485
082 ## - DEWEY DECIMAL CLASSIFICATION NUMBER
Classification number 823.92
100 ## - MAIN ENTRY--PERSONAL NAME
Personal name Amery, Heather
245 ## - TITLE STATEMENT
Title The naughty sheep /
Statement of responsibility, etc. Heather Amery Illustrated by Stephen Cartwright Language consultant: Betty Root Series editor: Jenny Tyler
250 ## - EDITION STATEMENT
Edition statement This edition first published in 2004
260 ## - PUBLICATION, DISTRIBUTION, ETC.
Place of publication, distribution, etc. London :
Name of publisher, distributor, etc. Usborne Farmyard,
Date of publication, distribution, etc. 2004.
300 ## - PHYSICAL DESCRIPTION
Extent 15 pages :
Other physical details Color illustrations ;
Dimensions 21 cm
505 ## - FORMATTED CONTENTS NOTE
Formatted contents note G<br/>
520 ## - SUMMARY, ETC.
Summary, etc. Each page has two reading levels, one for beginners and one for more advanced readers.
521 8# - TARGET AUDIENCE NOTE
Target audience note 420L<br/>
Source Lexile<br/>
521 8# - TARGET AUDIENCE NOTE
Target audience note G<br/>
Source Raz-Plus<br/>
650 ## - SUBJECT ADDED ENTRY--TOPICAL TERM
Source of heading or term Animals
Topical term or geographic name entry element Naughty
Form subdivision Farm
650 ## - SUBJECT ADDED ENTRY--TOPICAL TERM
Source of heading or term Picture book
Topical term or geographic name entry element Sheep
700 ## - ADDED ENTRY--PERSONAL NAME
Personal name Cartwright, Stephen
Dates associated with a name Illustrator
942 ## - ADDED ENTRY ELEMENTS (KOHA)
Source of classification or shelving scheme Dewey Decimal Classification
Koha item type Books
Suppress in OPAC No
Holdings
Withdrawn status Lost status Source of classification or shelving scheme Damaged status Not for loan Collection Home library Current library Shelving location Date acquired Total Checkouts Full call number Barcode Date last seen Date last checked out Copy number Price effective from Koha item type
    Dewey Decimal Classification     Fiction Footprints International School Library Network Toul Kork Campus Footprints International School Library Network Toul Kork Campus TK Primary Library Room(4th Floor), Bookcase 1&2, Shelves 1-16, Dark Blue Books 10/30/2024 1 AME 823.92 PZ8.A485 2024-2248 11/13/2025 10/23/2025 1 10/30/2024 Books